A comparatice study between the bearing capacity from the plate load test and the bearing capacity equations for fine oils (Record no. 551388)
[ view plain ]
| 000 -LEADER | |
|---|---|
| fixed length control field | 00444nam a22001337a 4500 |
| 082 ## - DEWEY DECIMAL CLASSIFICATION NUMBER | |
| Classification number | T-87 |
| 100 ## - MAIN ENTRY--PERSONAL NAME | |
| Personal name | Muhammad Zafar Aman |
| 9 (RLIN) | 48440 |
| 245 ## - TITLE STATEMENT | |
| Title | A comparatice study between the bearing capacity from the plate load test and the bearing capacity equations for fine oils |
| Statement of responsibility, etc. | Muhammad Zafar Aman |
| 260 ## - PUBLICATION, DISTRIBUTION, ETC. | |
| Place of publication, distribution, etc. | Risalpur |
| Name of publisher, distributor, etc. | MCE |
| Date of publication, distribution, etc. | 2001 |
| 526 ## - STUDY PROGRAM INFORMATION NOTE | |
| Program name | 0 |
| Interest level | 0 |
| Reading level | 0 |
| Title point value | T_87 |
| 650 ## - SUBJECT ADDED ENTRY--TOPICAL TERM | |
| Topical term or geographic name entry element | Thesis |
| 9 (RLIN) | 34811 |
| 700 ## - ADDED ENTRY--PERSONAL NAME | |
| Personal name | Muhammad Zafar Aman |
| 9 (RLIN) | 48440 |
| 942 ## - ADDED ENTRY ELEMENTS (KOHA) | |
| Source of classification or shelving scheme | |
| Koha item type | Book |
| Withdrawn status | Lost status | Source of classification or shelving scheme | Damaged status | Not for loan | Permanent Location | Current Location | Date acquired | Total Checkouts | Full call number | Barcode | Date last seen | Price effective from | Koha item type | Public note |
|---|---|---|---|---|---|---|---|---|---|---|---|---|---|---|
| Military College of Engineering (MCE) | Military College of Engineering (MCE) | 12/12/2014 | T-87 | MCE-T-87 | 12/12/2014 | 12/12/2014 | Book | Thesis |
